Platero y yo / (Registro nro. 9683)

Detalles MARC
000 -LIDER
fixed length control field 00902nam a2200289 4500
001 - NÚMERO DE CONTROL
Identificador de número de control 00265
003 - IDENTIFICACDOR DE NÚMERO DE CONTROL
control field DO-SdBNP
005 - DATE AND TIME OF LATEST TRANSACTION
control field 20240301072711.0
007 - CAMPOS FIJOS DE DESCRIPCIÓN FÍSICA
fixed length control field 00265
008 - ELEMENTOS DE LONGITUD FIJA
fixed length control field 160411b 1998 sp ||| 00| 0 spa d
020 ## - ISBN
International Standard Book Number 8437601614
040 ## - FUENTE DE CATALOGACIÓN
Agencia que crea de manera original el registro BPMSU
Idioma de catalogación spa
Agencia que realiza la transcripción BPMSU
082 ## - NÚMERO DE CLASIFICACIÓN DECIMAL DE DEWEY
Classification number 861.62
Item number J61p 1998
Edition number 22
100 1# - ASIENTO PRINCIPAL -- NOMBRE PERSONAL
Nombre personal Jiménez, Juan Ramón,
Fechas asociadas con el nombre 1881-1958.
245 10 - MENCIÓN DE TITULO
Título Platero y yo /
Mención de responsabilidad Juan Ramón Jiménez ; Edición Michael P. Predmore
250 ## - MENCIÓN DE EDICION
Mención de edición 18a. ed.
260 ## - PUBLICACIÓN, DISTRIBUCIÓN, ETC. (PIE DE IMPRENTA)
Lugar de publicación, distribución, etc Madrid :
Nombre del editor, distribuidor, etc. Ediciones Cátedra,
Fecha de publicación, distribución, etc 1998.
300 ## - DESCRIPCIÓN FÍSICA
Extensión 271 p. ;
Dimensiones 20 cm.
490 0# - MENCIÓN DE SERIES
Mención de serie Letras hispánica,
Volume/sequential designation 90
500 ## - NOTA GENERAL
Nota general Incluye referencias bibliográficas y notas al pie de las páginas
590 ## - NOTA LOCAL
Texto de la nota local Inventariado, 2023/VM
Enlace
650 #4 - ENCABEZAMIENTO DE MATERIA--TEMÁTICO
Término temático o nombre geográfico como elemento de entrada Poesías juveniles española
650 #4 - ENCABEZAMIENTO DE MATERIA--TEMÁTICO
Término temático o nombre geográfico como elemento de entrada Literatura española
Subdivisión temática general
700 1# - ASIENTO SECUNDARIO -- NOMBRE PERSONAL
Nombre personal Predmore, Michael P.
Mención de responsabilidad ed.
910 ## - VALIDACIÓN
Validación VMateo V.Control de calidad BPMSU
942 ## - ADDED ENTRY ELEMENTS (KOHA)
Source of classification or shelving scheme Dewey Decimal Classification
Koha item type Libros
Existencias
Withdrawn status Lost status Source of classification or shelving scheme Damaged status Not for loan Collection code Home library Current library Date acquired Source of acquisition Total Checkouts Full call number Barcode Date last seen Price effective from Koha item type Copy number
    Dewey Decimal Classification     Colección Juvenil General Biblioteca Pública Metropolitana Salomé Ureña Biblioteca Pública Metropolitana Salomé Ureña 04/11/2016 FUNDI   BPMSU CJG 861.62 J61p 1998 BPMSU16040306 04/11/2016 04/11/2016 Libros  
    Dewey Decimal Classification     Colección Juvenil General Biblioteca Pública Metropolitana Salomé Ureña Biblioteca Pública Metropolitana Salomé Ureña 04/11/2016 FUNDI   SJ 861.62 J61p 1998 BPMSU16040307 04/11/2016 04/11/2016 Libros ej. 2
    Dewey Decimal Classification     Colección Juvenil General Biblioteca Pública Metropolitana Salomé Ureña Biblioteca Pública Metropolitana Salomé Ureña 03/23/2021     SJ 861.62 J61p 1998 BPMET21030067 03/23/2021 03/23/2021 Libros e.3